000 00765cam a2200193 i 4500
005 20260127095548.0
008 250721s9999 ua gr 000 0 ara d
082 1 4 _a347
_bج م ا
100 1 _aالجمال، مصطفى محمد
_eمؤلف.
245 1 2 _aالتأمين الخاص وفقاً لأحكام القانون المدني المصري /
_cالاستاذ الدكتور مصطفى محمد الجمال.
250 _aالطبعة الأولى.
264 3 1 _aالإسكندرية :
_bالفتح للطباعة والنشر،
_c2001.
300 _a338 صفحة.
650 1 7 _aالقانون المدني.
650 1 7 _aقانون التأمين.
650 1 7 _aشركات التأمين.
942 _2ddc
_cBK
999 _c81087
_d81087